| 000 | 00758nam a2200241 i 4500 | ||
|---|---|---|---|
| 001 | 104915 | ||
| 003 | ES-MaACL | ||
| 005 | 20230906183726.0 | ||
| 007 | t| | ||
| 008 | 060526s1989 fr ||||1| fre d | ||
| 020 | _a2-08-011366-6 | ||
| 080 | _a7(44)"17" | ||
| 100 | 1 |
_aGuicharnaud, Hélène. _960647 |
|
| 245 | 1 | 2 |
_aL'art sous la Révolution / _cpar Hélène Guicharnaud, Philippe Sorel. |
| 260 |
_aParis : _bFlammarion, _c[1989] |
||
| 300 |
_a62 p. : _bil. ; _c22 cm. |
||
| 490 | 1 | _aLa grammaire des styles | |
| 650 | 1 | 4 |
_aArte francés- _yS.XVIII. _9172633 |
| 700 | 1 |
_aSorel, Philippe. _9107338 |
|
| 830 | 1 |
_aLa grammaire des styles _9232664 |
|
| 852 |
_aES-MaACL _j2203-F-13 _z- Biblioteca Jacinto Martínez Lacalle |
||
| 999 |
_c104915 _d104915 |
||